Capital Flows to Central and Eastern Europe /

We examine the evolution of the net external asset positions of Central and Eastern Europe (CEEC) countries over the past decade, with a strong emphasis on the composition of their international balance sheets. We assess the extent of their international financial integration, compared with the adva...

Ful tanımlama

Detaylı Bibliyografya
Yazar: Milesi-Ferretti, Gian
Diğer Yazarlar: Lane, Philip
Materyal Türü: Dergi
Dil:English
Baskı/Yayın Bilgisi: Washington, D.C. : International Monetary Fund, 2006.
Seri Bilgileri:IMF Working Papers; Working Paper ; No. 2006/188
Online Erişim:Full text available on IMF
LEADER 01805cas a2200253 a 4500
001 AALejournalIMF004308
008 230101c9999 xx r poo 0 0eng d
020 |c 5.00 USD 
020 |z 9781451864489 
022 |a 1018-5941 
040 |a BD-DhAAL  |c BD-DhAAL 
100 1 |a Milesi-Ferretti, Gian. 
245 1 0 |a Capital Flows to Central and Eastern Europe /  |c Gian Milesi-Ferretti, Philip Lane. 
264 1 |a Washington, D.C. :  |b International Monetary Fund,  |c 2006. 
300 |a 1 online resource (31 pages) 
490 1 |a IMF Working Papers 
500 |a <strong>Off-Campus Access:</strong> No User ID or Password Required 
500 |a <strong>On-Campus Access:</strong> No User ID or Password Required 
506 |a Electronic access restricted to authorized BRAC University faculty, staff and students 
520 3 |a We examine the evolution of the net external asset positions of Central and Eastern Europe (CEEC) countries over the past decade, with a strong emphasis on the composition of their international balance sheets. We assess the extent of their international financial integration, compared with the advanced economies and other emerging markets, and highlight the salient features of their external capital structure in terms of the relative importance of FDI, portfolio equity, and external debt. In addition, we briefly describe the country and currency composition of their external liabilities. Finally, we explore the implications of the accumulated stock of external liabilities for future trade and current account balances. 
538 |a Mode of access: Internet 
700 1 |a Lane, Philip. 
830 0 |a IMF Working Papers; Working Paper ;  |v No. 2006/188 
856 4 0 |z Full text available on IMF  |u http://elibrary.imf.org/view/journals/001/2006/188/001.2006.issue-188-en.xml  |z IMF e-Library